| 000 | 00515nam a2200133Ia 4500 | ||
|---|---|---|---|
| 008 | 171212s9999 xx 000 0 und d | ||
| 020 | _a9780874216158 | ||
| 100 | _aWingfield, Andrew | ||
| 245 |
_cWingfield, Andrew _aHear Him Roar _bA Novel |
||
| 260 |
_bUniversity Press of Colorado _c2005 |
||
| 650 | _aLanguage & Literature | ||
| 650 | _aWildlife management -- fiction; Midlife crisis -- fiction; Biologists -- fiction; Puma -- fiction; California -- fiction | ||
| 856 | _uwww.jstor.org/stable/10.2307/j.ctt4cgpcj | ||
| 999 |
_c353082 _d353082 |
||